000 00640nam a2200241 a 4500
001 nice12345678
003 IN_TiNIC
005 20260116013446.0
008 050524s1996 mada grp 000 0 eng
020 _a
_c100
082 0 0 _a025
_bIND
100 _aIndia Mission Association,
245 _aDirectory of Indian Missions (january 1996)
260 _aMadras
_bIndia Missions Asociation
_c1996
300 _a20p
500 _aincludes index and biblioraphy
505 2 _aBibliography, Index
650 _aDirectory-Christianity
700 1 _aIndia Mission Association,
902 _bSRS
942 _cBK
999 _c11063
_d11063